Vuoden albumin Emma-palkinnon voittajat - Statistics

Yleistilastot
  • Tätä visaa on pelattu 27 kertaa
  • Keskiarvotulos 18 / 33
Vastaustilastot
Artisti % Oikein
Haloo Helsinki!
100%
Haloo Helsinki!
100%
Vesala
100%
Antti Tuisku
83%
BEHM
83%
Maija Vilkkumaa
79%
J. Karjalainen
75%
J. Karjalainen
75%
J. Karjalainen
75%
PMMP
75%
PMMP
75%
PMMP
75%
Jenni Vartiainen
71%
pehmoaino
71%
Gettomasa
67%
KUUMAA
63%
Don Huonot
58%
Kaija Koo
54%
Kirka, Hector, Pave Maijanen & Pepe Willberg
54%
emma & matilda
46%
Jukka Poika
42%
Nightwish
42%
The Rasmus
38%
Chisu
33%
Chisu
33%
HIM
33%
Pyhimys
33%
Ellinoora
25%
Ismo Alanko Säätiö
25%
Egotrippi
21%
Aki Sirkesalo
8%
Jonna Tervomaa
8%
Timo Rautiainen ja Trio Niskalaukaus
0%
Ehtoja vastaavia visoja ei löytynyt
Tulosjakauma
Jokaisen tuloksen saaneiden osuus
Persentiili vastausten määrän mukaan
Tuloshistoriasi
Et ole pelannut tätä visaa